00986cam a2200241 a 450000100100000000500170001000800410002704000250006808200180009310000750011124501040018626000470029030000210033749000110035850501050036965000270047465000260050165000310052770000320055883000180059095201210060899900150072900000967220200929161651.0790925s1974 cl 001 d spa  aDO-SdBNPbspacBNPHU a862.64bM828n1 aMorales, José Ricardo,d1915-q(José Ricardo Morales Malva)92456910aNo son farsas :bcinco anuncios dramáticos /cJosé Ricardo Morales ; edición Mauricio Amster. aSantiago de Chile :bUniversitaria,c1974. a237 p. ;c19 cm.1 aTeatro0 aOrfeo y el desodorante.--La cosa humana.--El inventario.--El material.--No hay que perder la cabeza. 4aTeatro español93071 4aFarsasxTeatro924570 4aLiteratura española96321 aAmster, Mauricioeed.93441 0aTeatro.95617 001052708MOaGRbGRcCTd2009-09-30iLF1l0o862.64 M828np9672-10r2020-06-25w2020-06-25y2ZPréstamo interno c9432d9432